Statistics for Countries with the most casualties in World War II

Click here to take the quiz!

General Stats

  • This quiz has been taken 78 times
    (55 since last reset)
  • The average score is 9 of 14

Answer Stats

CasualtiesCountry% Correct
6,900,000 - 7,400,000Germany
95%
20,000,000 - 27,000,000Soviet Union
92%
2,500,000 - 3,100,000Japan
92%
15,000,000 - 20,000,000China
86%
5,900,000 - 6,000,000Poland
86%
600,000France
86%
492,400 - 514,000Italy
78%
2,200,000India
62%
1,027,000 - 1,700,000Yugoslavia
59%
507,000 - 807,000Greece
54%
500,000Romania
54%
557,000Phillippines
30%
3,000,000 - 4,000,000Dutch East Indies
16%
1,000,000 - 2,200,000French Indochina
8%

Score Distribution

Percentile by Number Answered

Percent of People with Each Score

Your Score History

You have not taken this quiz since the last reset